Hotel Lavína (Record no. 22706)
[ view plain ]
| 000 -LEADER | |
|---|---|
| fixed length control field | 01277cam a2200361 4500 |
| 001 - CONTROL NUMBER | |
| control field | 22706 |
| 003 - CONTROL NUMBER IDENTIFIER | |
| control field | SK-KTurca |
| 005 - DATE AND TIME OF LATEST TRANSACTION | |
| control field | 20260421144134.0 |
| 008 - FIXED-LENGTH DATA ELEMENTS--GENERAL INFORMATION | |
| fixed length control field | 201021s2020 xo gr 000 f slo |
| 015 ## - NATIONAL BIBLIOGRAPHY NUMBER | |
| National bibliography number | SNBA2021/09 |
| 020 ## - INTERNATIONAL STANDARD BOOK NUMBER | |
| International Standard Book Number | 9788056618745 |
| Qualifying information | (viazané) |
| 040 ## - CATALOGING SOURCE | |
| Original cataloging agency | ZKSE |
| Language of cataloging | slo |
| Transcribing agency | ZKSE |
| Modifying agency | SNK |
| Description conventions | rda |
| 041 1# - LANGUAGE CODE | |
| Language code of text/sound track or separate title | slo |
| Language code of original | fre |
| 044 ## - COUNTRY OF PUBLISHING/PRODUCING ENTITY CODE | |
| MARC country code | xo |
| ISO country code | SK |
| 072 #7 - SUBJECT CATEGORY CODE | |
| Subject category code | 821.133.1-3 |
| Subject category code subdivision | Francúzska próza, francúzsky písaná |
| Source | konspekt |
| 080 ## - UNIVERSAL DECIMAL CLASSIFICATION NUMBER | |
| Universal Decimal Classification number | 821.133.1-31 |
| Edition identifier | 2011 |
| 080 ## - UNIVERSAL DECIMAL CLASSIFICATION NUMBER | |
| Universal Decimal Classification number | (0:82-312.4) |
| Edition identifier | 2011 |
| 100 1# - MAIN ENTRY--PERSONAL NAME | |
| Personal name | Tackian, Niko, |
| Dates associated with a name | 1973- |
| Relationship | aut |
| 240 10 - UNIFORM TITLE | |
| Uniform title | Avalanche hôtel |
| Language of a work | Slovensky |
| 245 10 - TITLE STATEMENT | |
| Title | Hotel Lavína |
| Statement of responsibility, etc. | Niko Tackian ; z francúzskeho originálu Avalanche hôtel ... preložila Marta Činovská |
| 250 ## - EDITION STATEMENT | |
| Edition statement | Prvé slovenské vydanie |
| 264 #1 - PRODUCTION, PUBLICATION, DISTRIBUTION, MANUFACTURE, AND COPYRIGHT NOTICE | |
| Place of production, publication, distribution, manufacture | Bratislava |
| Name of producer, publisher, distributor, manufacturer | Lindeni |
| Date of production, publication, distribution, manufacture, or copyright notice | 2020 |
| 300 ## - PHYSICAL DESCRIPTION | |
| Extent | 237 strán |
| Dimensions | 21 cm |
| 336 ## - CONTENT TYPE | |
| Content type term | text |
| Content type code | txt |
| Source | rdacontent |
| 337 ## - MEDIA TYPE | |
| Media type term | bez média |
| Media type code | n |
| Source | rdamedia |
| 338 ## - CARRIER TYPE | |
| Carrier type term | zväzok |
| Carrier type code | nc |
| Source | rdacarrier |
| 500 ## - GENERAL NOTE | |
| General note | Vydalo vydavateľstvo Lindeni v spoločnosti Albatros Media Slovakia, s. r. o. |
| 500 ## - GENERAL NOTE | |
| General note | Obsahuje stručné biografické údaje o autorovi na záložke prebalu publikácie |
| 655 #7 - INDEX TERM--GENRE/FORM | |
| Genre/form data or focus term | francúzske romány |
| Source of term | SNKPH |
| 655 #7 - INDEX TERM--GENRE/FORM | |
| Genre/form data or focus term | French fiction |
| Source of term | SNKPHeng |
| 700 1# - ADDED ENTRY--PERSONAL NAME | |
| Personal name | Činovská, Marta |
| Relationship | trl |
| 942 ## - ADDED ENTRY ELEMENTS (KOHA) | |
| Source of classification or shelving scheme | Dewey Decimal Classification |
| Koha item type | Krásna literatúra pre dospelých |
| Suppress in OPAC | No |
| Stav vyradenia | Strata | Poškodenie | Spôsob nadobudnutia | Domovská knižnica | Aktuálna knižnica | Dátum nadobudnutia | Cena | Total checkouts | Čiarový kód exemplára | Date last seen | Typ exemplára |
|---|---|---|---|---|---|---|---|---|---|---|---|
| Kúpa | Obecná knižnica Horná Štubňa | Obecná knižnica Horná Štubňa | 21.04.2026 | 3.00 | 9788056618745 | 21.04.2026 | Krásna literatúra pre dospelých |
